00672nam a2200229Ia 4500003000400000005001700004008004100021020001400062040000700076041000800083082001900091100002800110245002300138250000600161260004500167300002400212365001300236906002400249942001200273999001900285952013800304OSt20230506123523.0210423s2002 xx 000 0 und d a195681207 cAL aeng a547223b LOUG aLOUDON (G Marc).999402 aOrganic chemistry. a4 aNew DelhibOxford University Pressc2002 axxxii,1353,I-34bPB b525cINR achemistry ; Organic 2ddccBK c163757d163757 001040708BIOCaSACPGbSACPGd2008-09-11eHigginbothams Pvt Ltdg525.00l0o547 LOUGpPG010254r2022-08-24 00:00:00w2021-04-26yBK